Generique Pokemon (Opening 4 ) - Statistiques

Statistiques générales
  • Ce quiz a été pris 152 fois
  • Le résultat moyen est 60 sur 73
Statistiques - réponses
Réponse % Correct
Pokémon
97%
Pokémon
97%
Pokémon
97%
Pokémon
97%
Pokémon
97%
je
92%
je
92%
je
92%
le
92%
le
92%
le
92%
de
91%
me
89%
me
89%
meilleur
87%
meilleur
87%
dresseur
86%
les
85%
les
85%
ma
84%
mon
84%
un
84%
moi
83%
moi
83%
ne
83%
ne
83%
ne
83%
ne
83%
ne
83%
ne
83%
etre
82%
etre
82%
etre
82%
etre
82%
etre
82%
pour
81%
pour
81%
pour
81%
pour
81%
pour
81%
suis
81%
c est
80%
pas
80%
veux
80%
devenir
79%
peur
79%
avec
78%
vainqueur
78%
vainqueur
78%
vainqueur
78%
vie
78%
arrive
77%
avant
77%
choix
77%
est
77%
personne
77%
toute
77%
champion
76%
comme
76%
fais
76%
johto
76%
johto
76%
moment
76%
ai
75%
j'en
75%
qui
75%
surpasser
75%
capturer
73%
dresser
73%
grand
73%
vais
72%
prouver
71%
reve
71%
Aucun quiz correspondant
Distribution des résultats
% des personnes avec chaque résultat
Percentile par nombre de réponses
Votre historique - résultats
Vous n’avez pas pris ce quiz